00588nam a22001697a 4500003001000000005001700010008004100027020001800068040000900086082001600095100002500111245016700136250001200303260005300315300003800368650001200406NUST-PNEC20170116180742.0141222b xxu||||| |||| 00| 0 eng d a9789698464387 cPNEC a153.753 SAY aSayal, Faizia Hassan aNai zindagi : Saal kay har din kay lya 365 rehnuma asool, ek seehat mand aur pur musarat zindagi kay lya ( Urdu translation of "Born again" )cFaiza Hassan Sayal a2nd ed. aLahore :bShirkat Printing Press Lahore,cc2010. a1 vol. (various pagings )c16 cm. xGeneral